Who killed Aung San
| Main Author: | Kin Oung |
|---|---|
| Published: |
Bangkok:
White Lotus,
1996.
|
| Subjects: |
| LEADER | 00519cam a2200169 7i4500 | ||
|---|---|---|---|
| 001 | 0000048720 | ||
| 005 | 20200514090000.0 | ||
| 020 | |a 9748496686 (pbk.) | ||
| 020 | |a 9789748496863 (pbk.) | ||
| 090 | 0 | 0 | |a DS530 |b .K56 1996 |
| 100 | 1 | |a Kin Oung | |
| 245 | 1 | 0 | |a Who killed Aung San |c King Oung. |
| 260 | |a Bangkok: |b White Lotus, |c 1996. | ||
| 300 | |a 146 p. | ||
| 500 | |a Gift: Zainol Ahmad Resource Center | ||
| 651 | 0 | |a Burma -- |x Politics and government -- |y 1824-1948 | |
| 999 | |a 0000069192 |b BOK |c OPEN SHELF |e 1st Floor, Bestari Jaya | ||


